书目信息 |
| 题名: |
证言疑云
|
|
| 作者: | 赛耶斯 , 多萝西·L.赛耶斯 著 ;孙永华 译 | |
| 分册: | ||
| 出版信息: | 北京 新星出版社 2009.06 |
|
| 页数: | 287页 | |
| 开本: | 22cm | |
| 丛书名: | 午夜文库 | |
| 单 册: | ||
| 中图分类: | I561.45 | |
| 科图分类: | ||
| 主题词: | 侦探小说 , 侦探小说--英国--现代 , 长篇小说--英国--现代 , 长篇小说 | |
| 电子资源: | ||
| ISBN: | 978-7-80225-682-8 | |
| 000 | 01112oam2 2200337 450 | |
| 001 | 1152749371 | |
| 005 | 20111208144216.64 | |
| 010 | @a978-7-80225-682-8@dCNY24.00 | |
| 090 | @aI561.45@bsys | |
| 096 | @aI561.45@bsys | |
| 100 | @a20091222d2009 em y0chiy50 ea | |
| 101 | 1 | @achi@ceng |
| 102 | @aCN@b110000 | |
| 105 | @ay z 000ay | |
| 200 | 1 | @a证言疑云@b专著@dClouds of witness@f(英)多萝西·L.赛耶斯(Dorothy L. Sayers)著@F(ying)duo luo xi·L.sai ye si(Dorothy L.Sayers)zhu@g孙永华译@zeng@9zheng yan yi yun |
| 210 | @a北京@c新星出版社@d2009.06 | |
| 215 | @a287页@d22cm | |
| 225 | 2 | @a午夜文库@i大师系列 |
| 308 | @a文库086 | |
| 462 | 0 | @1001003890119 |
| 510 | 1 | @aClouds of witness@zeng |
| 606 | 0 | @a侦探小说 |
| 606 | 0 | @a侦探小说@y英国@z现代 |
| 606 | 0 | @a长篇小说@y英国@z现代 |
| 606 | 0 | @a长篇小说 |
| 690 | @aI561.45@v4 | |
| 701 | 0 | @c(英)@a赛耶斯@c(女,Sayers, Dorothy L.@f1893~1957)@4著@9sai ye si |
| 701 | 0 | @a多萝西·L.赛耶斯@Aduo luo xi·L.sai ye si@bDorothyL.Sayers@4著 |
| 702 | 0 | @a孙永华@9sun yong hua@4译 |
| 801 | 0 | @aCN@bCL@c20090615 |
| 905 | @aZUCC@dI561.45@eS021 | |
| 证言疑云=Clouds of witness/(英)多萝西·L.赛耶斯(Dorothy L. Sayers)著/孙永华译.-北京:新星出版社,2009.06 |
| 287页;22cm.-(午夜文库.大师系列) |
| ISBN 978-7-80225-682-8:CNY24.00 |
| ● |
| 相关链接 |
|
|
|
正题名:证言疑云
索取号:I561.45/S021
 
预约/预借
| 序号 | 登录号 | 条形码 | 馆藏地/架位号 | 状态 | 备注 |
| 1 | 827073 | 208270734 | 文学库116/116文学库 21排5列5层/ [索取号:I561.45/S021] | 在馆 | |
| 2 | 827074 | 208270743 | 文学库116/116文学库 21排5列5层/ [索取号:I561.45/S021] | 在馆 | |
| 3 | 827075 | 208270752 | 社科二线400B/400B社科库 18排2列2层/ [索取号:I561.45/S021] | 在馆 |